OPAC | Catalogo Arcigay delle biblioteche LGBTQIA+

Il Catalogo di Arcigay delle Biblioteche LGBTQIA+ è un servizio fornito grazie alla collaborazione tra Arcigay nazionale e le associazioni locali aderenti al progetto che conservano e rendono pubbliche biblioteche a tema LGBTQIA+.

Play with fire / (Record no. 18122)

MARC details
000 -LEADER
campo di controllo lung. fissa 00838nam a22002537i 4500
001 - Numero di controllo
campo di controllo IT\ICCU\RT1\0126500
003 - Identificatore del numero di controllo
campo di controllo ItRI
005 - Data e orario dell'ultima transazione
campo di controllo 20260115232148.0
008 - Elementi di lunghezza fissa--Informazione generale
campo di controllo lung. fissa 201031s2020 it |||||| ||||| |||||c
020 ## - ISBN (International Standard Book Number)
ISBN (International Standard Book Number) 9788885621992
024 31 - Altri identificatori standard
Numero standard o codice 9788885621992
040 ## - Fonte della catalogazione
Lingua della catalogazione ita
Agenzia che fa la trascrizione importazione bologna sebina
041 #7 - Codice di lingua
Codice di lingua del testo/traccia sonora o titolo separato ita
Fonte del codice ISO-639-2
082 ## - Numero di classificazione Decimale Dewey
Numero di classificazione 741.5945
-- FUMETTI, ROMANZI A FUMETTI, FOTOROMANZI, VIGNETTE, CARICATURE, STRISCE A FUMETTI. Italia
Numero dell'edizione 22
100 0# - Accesso principale -- nome di persona
Nome di persona Nicoz
Numero del record di authority o numero standard IT\ICCU\LO1V\331200
Relazione: aut
240 10 - Titolo uniforme
Titolo uniforme Play with fire
-- IT\ICCU\RT1\1010046
9 (RLIN) Nicoz
245 10 - Formulazione del titolo
Titolo Play with fire /
Formulazione di responsabilità, ecc. Nicoz Balboa.
260 ## - Pubblicazione, distribuzione, ecc. (stampa)
Luogo di pubblicazione, distribuzione, ecc. Milano :
Nome dell'editore, distributore, ecc. Oblomov,
Data di pubblicazione, distribuzione, ecc. 2020
300 ## - Descrizione fisica
Estensione 201 p. :
Altre particolarità fisiche fumetti ;
Dimensioni 24 cm
500 ## - Nota generale
Nota generale Brossura
790 1# -
-- Balboa, Nicoz
-- IT\ICCU\SBNV\030077
-- Nicoz
830 #0 - Accesso aggiunto di serie--titolo uniforme
Titolo uniforme Crumb
Numero del record di authority o numero standard IT\ICCU\MOD\1675204
942 ## - Dati aggiuntivi (Koha)
Fonte della classificazione o dello schema di collocazione (segnatura) Classificazione decimale Dewey
Tipo copia default (Koha) Libri
Nasconto in Opac No
Holdings
Status ritirato Status smarrito: Status danneggiato: Escluso dal prestito Biblioteca di appartenenza Biblioteca corrente Data di acquisti Numero d'inventario Totale prestiti Collocazione Codice a barre Data ultima revisione Prezzo effettivo da Tipo copia default (Koha) Nota pubblica
        BOLOGNA | Centro di Documentazione "Flavia Madaschi" Cassero LGBTQIA+ Center BOLOGNA | Centro di Documentazione "Flavia Madaschi" Cassero LGBTQIA+ Center 15/01/2026 19484   F 741.5 BAL BO19484 15/01/2026 15/01/2026 Libri 1 v.
Se cerchi informazioni su Arcigay, le puoi trovare nel nostro sito: www.arcigay.it